000 00460nam a2200169Ia 4500
008 131103s9999 xx 000 0 und d
040 _aLoreto College
041 _aEnglish
082 _a891.432/RAK
_bLCLIB/31056
100 _aRakash,Mohan
245 _aAnde ke Chilke,Anya Akaki tata natak
_cMohan Rakash
260 _aNew Delhi
_bRadhaKrishna Prakashan
_c1973
300 _a160 p.
_c 21 cm.
650 _aHindi - Drama
850 _aLCLIB
942 _cBK
999 _c18946
_d69425